Score 0/15 Timer 20:00
7 Plays Today
% Correct
JOB and EXODUS
98.1%
RUTH and 1 TIMOTHY
45.5%
GENESIS and LAMENTATIONS
45.3%
JONAH and SONG OF SOLOMON
44.3%
1 JOHN and PROVERBS
39.3%
ESTHER and DEUTERONOMY
38.5%
NUMBERS and HEBREWS
37.4%
AMOS and ROMANS
36.2%
% Correct
TITUS and MATTHEW
36.1%
HOSEA and 2 SAMUEL
34.3%
EZRA and EZEKIEL
33.6%
NAHUM and 2 CHRONICLES
32.4%
ISAIAH and PHILIPPIANS
31.1%
MICAH and ECCLESIASTES
28.5%
PSALMS and PHILEMON
24.4%
Remove Ads.
Support Sporcle.
Get the best of Sporcle when you Go Orange. This ad-free experience offers more features, more stats, and more fun while also helping to support Sporcle. Thank you for becoming a member.

You're not logged in!

Compare scores with friends on all Sporcle quizzes.
OR
Log In

Show Comments

Extras

Top Quizzes Today


Score Distribution

Your Account Isn't Verified!

In order to create a playlist on Sporcle, you need to verify the email address you used during registration. Go to your Sporcle Settings to finish the process.

Report this User

Report this user for behavior that violates our Community Guidelines.

Details: